000 00663nam a2200289Ia 4500
005 20260324132830.0
008 008 260324s9999 xx 000 0 eng d
020 _a9780203642313
037 _aEBOOK
040 _aCRL
040 _beng
040 _cCRL
041 _2eng
041 _aeng
084 _qCRL
100 _aRichard Allen; Sam Ishii-Gonzales
_91190789
245 0 _aHitchcock
245 0 _bPast and Future
260 _bTaylor and Francis
260 _c2004
365 _a
365 _b230
856 _uhttp://www.taylorfrancis.com/books/9780203642313
942 _cEBOOK
999 _c1789235
_d1789235